000 00632nam a2200217 i 4500
001 13831
003 ES-MaACL
005 20230906150655.0
007 t|
008 980709s1987 fr ||||1| fre d
080 _a821.133.1 Roussel, Raymond 1.06
100 1 _aLeiris, Michel.
_971391
245 1 0 _aRoussel l'ingénu /
_cpar Michel Leiris.
260 _a[S.l.] :
_bFata Morgana,
_c[1987]
300 _a101 p. ;
_c23 cm.
490 1 _aExplorations
600 1 4 _aRoussel, Raymond-
_xCrítica e interpretación.
_9100073
830 0 _aExplorations
_9228469
852 _aES-MaACL
_jL-21078
_bR.114459
999 _c13831
_d13831